000 00742nam a22002177a 4500
003 UA-OsUOA
001 115463
007 ta
008 20151223b un ||||| |||| 00| 0 ukr d
100 _aРезнік В.
090 _a316
_bР34
942 _cSA
040 _aUA-OsUOA
_bukr
_cUA-OsUOA
_dUA-OsUOA
245 _aТеорії соціального порядку: особливості структурування та викладання за пояснювальною схесою Дж. Коулмена
300 _aС.174-202
955 _a0
041 _aukr
080 _a316
773 0 _w115460
_tСоціологія: теорія, методи, маркетинг
_dК.
_d2015
_g4
650 7 _a316 Соціологія
_2UDC
999 _c401992
_d401992